| 000 | 00531nam a2200193Ia 4500 | ||
|---|---|---|---|
| 003 | IN-BaIIA | ||
| 008 | 211028s9999 xx 000 0 eng d | ||
| 040 | _cIIA Library | ||
| 080 |
_a535.125.2 _bSIN |
||
| 100 |
_aSinger, J. R. _93579 |
||
| 245 | 0 |
_aMasers _cJ. R. Singer |
|
| 260 |
_aNew York _bJohn Wiley & Sons _c1959 |
||
| 300 | _axi,147p. | ||
| 650 |
_aLasers _93580 |
||
| 650 |
_aMasers _93581 |
||
| 650 | _aNASA Thesaurus | ||
| 650 |
_aUltraviolet Lasers _93582 |
||
| 942 | _cBK | ||
| 999 |
_c1869 _d1869 |
||